000 00462nam a2200169Ia 4500
008 240729s9999 xx 000 0 und d
022 _a1179-1349
245 0 _aClinical Epidemiology
260 _aUnited Kingdom
260 _bDove Medical Press
650 _a Infectious and parasitic diseases
650 _a Internal medicine
650 _aMedicine
856 _uhttps://doaj.org/toc/93c360f6e75145658ad2c6bdcb8825f3
942 _2ddc
942 _cDOAJEJ
999 _c73818
_d73818
945 _a1
_bMadushi Gamage
_c1
_dMadushi Gamage